Poesía colombiana : nuevas voces de fin de siglo / (Registro nro. 7130)

Detalles MARC
000 -LEADER
fixed length control field 01031nam a22002417a 4500
003 - CONTROL NUMBER IDENTIFIER
control field OSt
005 - DATE AND TIME OF LATEST TRANSACTION
control field 20250702103051.0
008 - FIXED-LENGTH DATA ELEMENTS--GENERAL INFORMATION
fixed length control field 210208s1999 ck ||||gr|||| 00| 0 spa d
020 ## - INTERNATIONAL STANDARD BOOK NUMBER
International Standard Book Number 9789589661604
040 ## - CATALOGING SOURCE
Original cataloging agency CO-JMCR
Transcribing agency CO-JMCR
041 0# - LANGUAGE CODE
Language code of text/sound track or separate title spa
082 04 - DEWEY DECIMAL CLASSIFICATION NUMBER
Classification number J-P
Item number REVp
Edition number 23
100 1# - MAIN ENTRY--PERSONAL NAME
Personal name Revelo Revelo, Juan,
Relator term autor
9 (RLIN) 13159
245 1# - TITLE STATEMENT
Title Poesía colombiana : nuevas voces de fin de siglo /
Statement of responsibility, etc. Juan Revelo Revelo
250 ## - EDITION STATEMENT
Edition statement Primera edición
260 ## - PUBLICATION, DISTRIBUTION, ETC.
Place of publication, distribution, etc. Bogotá :
Name of publisher, distributor, etc. Epsilon editores de Colombia,
Date of publication, distribution, etc. 1999
300 ## - PHYSICAL DESCRIPTION
Extent 366 paginas ;
Dimensions 21 cm.
500 ## - GENERAL NOTE
General note Incluye datos biográficos del autor en solapas.
520 0# - SUMMARY, ETC.
Summary, etc. Este libro recoge las voces de poetas colombianos, hombres y mujeres, que nacieron en veinticuatro regiones del país, desde la costa del Caribe hasta el sur, en la frontera con Ecuador y Perú; y desde el Océano Pacífico, hasta el oriente, en la inmensa colindancia con Venezuela y Brasil.
650 24 - SUBJECT ADDED ENTRY--TOPICAL TERM
Topical term or geographic name entry element Poesía colombiana
9 (RLIN) 13160
650 24 - SUBJECT ADDED ENTRY--TOPICAL TERM
Topical term or geographic name entry element Literatura colombiana
9 (RLIN) 13161
942 ## - ADDED ENTRY ELEMENTS (KOHA)
Source of classification or shelving scheme Dewey Decimal Classification
Koha item type Books
Existencias
Withdrawn status Lost status Source of classification or shelving scheme Damaged status Not for loan Home library Current library Shelving location Date acquired Source of acquisition Total Checkouts Full call number Barcode Date last seen Date last checked out Copy number Price effective from Koha item type
    Dewey Decimal Classification     Biblioteca Pública José María del Castillo y Rada Biblioteca Pública José María del Castillo y Rada General Stacks 10/02/2020 Donación 1 J-P REVp 201810470 10/07/2024 10/03/2024 Ej.1 10/02/2020 Books